| 000 | 00564nam a22002177a 4500 | ||
|---|---|---|---|
| 003 | OSt | ||
| 005 | 20140310182936.0 | ||
| 008 | 130201t xxu||||| |||| 00| 0 eng d | ||
| 020 | _a9712346934 | ||
| 050 |
_aQA276.2 _b.T116 2007 |
||
| 082 |
_aFIL 519 _bT18 2007 |
||
| 245 |
_aBasic Concepts in statistics (worktext) _cTattao, Luis A. |
||
| 260 |
_aManila _bRex Book Store _c2007 |
||
| 300 |
_a361 p. _c 22 cm. |
||
| 521 | _acollege students | ||
| 526 | _c1210L-1700L | ||
| 541 | _j1 | ||
| 541 | _j2 | ||
| 562 | _e2 | ||
| 942 |
_2lcc _cBK _kFIL |
||
| 999 |
_c17612 _d17612 |
||